Countries with Lowest Real Population Density - Statistics

General Stats
  • This quiz has been taken 37 times
  • The average score is 11 of 25
Answer Stats
Real Pop. Density Country % Correct
117 Russia
89%
241 Mongolia
86%
78 Canada
82%
43 Australia
79%
69 Kazakhstan
71%
179 United States
64%
144 Argentina
61%
145 Ukraine
61%
224 Turkmenistan
57%
84 Niger
43%
248 Mali
39%
174 Guyana
36%
234 Sudan
36%
177 Belarus
32%
219 Central African Republic
29%
244 Denmark
29%
128 Latvia
25%
101 Lithuania
25%
245 Romania
25%
225 Bulgaria
21%
214 Paraguay
21%
219 Hungary
14%
239 Moldova
14%
215 Zambia
11%
225 Togo
4%
No matching quizzes found
Score Distribution
Percent of People with Each Score
Percentile by Number Answered
Your Score History
You have not taken this quiz